| 000 | 00540nam a22001577a 4500 | ||
|---|---|---|---|
| 003 | NUST | ||
| 038 | _aNusrat Nadeem | ||
| 082 | _a200 | ||
| 100 |
_aMunawar, Frazia _9133133 |
||
| 245 |
_aComparing the Effects of Related and Unrelated Export Variety over Economic Complexity in South Asian Countries/ _cFrazia Munawar, |
||
| 264 |
_aIslamabad _bS3H NUST. _c2026. |
||
| 650 |
_aMS-Economics _9123068 |
||
| 700 |
_aSupervisor: Dr. Muhammad Ali _9124901 |
||
| 856 | _u http://10.250.8.41:8080/xmlui/handle/123456789/57296 | ||
| 942 |
_2ddc _cSC |
||
| 999 |
_c616140 _d616140 |
||